UM Logo

Collinearity And Reliability Indices of Accounting Management Efficacy Inventory (AMEI). (Record no. 6348)

MARC details
000 -LEADER
fixed length control field 00634nam a22001577a 4500
008 - FIXED-LENGTH DATA ELEMENTS--GENERAL INFORMATION
fixed length control field 170307b xxu||||| |||| 00| 0 eng d
082 ## - DEWEY DECIMAL CLASSIFICATION NUMBER
Edition number 2016
Classification number UT 0674
Item number F66
100 ## - MAIN ENTRY--PERSONAL NAME
9 (RLIN) 19057
Personal name Florentino, Iris H.
245 ## - TITLE STATEMENT
Title Collinearity And Reliability Indices of Accounting Management Efficacy Inventory (AMEI).
Statement of responsibility, etc. Iris H. Florentino, Melody Amor A. Garcia and Sheila May D. Gregorio
300 ## - PHYSICAL DESCRIPTION
Extent 64 pages;
Other physical details 29 cm.
650 #0 - SUBJECT ADDED ENTRY--TOPICAL TERM
9 (RLIN) 19058
Topical term or geographic name as entry element Accounting
Form subdivision Accounting Technology
General subdivision Undergraduate Thesis.
700 ## - ADDED ENTRY--PERSONAL NAME
9 (RLIN) 19059
Personal name Florentino, Iris H.
700 ## - ADDED ENTRY--PERSONAL NAME
9 (RLIN) 19060
Personal name Garcia, Melody Amor A.
700 ## - ADDED ENTRY--PERSONAL NAME
9 (RLIN) 19061
Personal name Gregorio, Shiela Mary D.
942 ## - ADDED ENTRY ELEMENTS (KOHA)
Source of classification or shelving scheme Dewey Decimal Classification
Koha item type Undergraduate Thesis
Holdings
Withdrawn status Lost status Source of classification or shelving scheme Damaged status Not for loan Home library Current library Date acquired Total Checkouts Full call number Barcode Date last seen Price effective from Koha item type
    Dewey Decimal Classification     UM Digos College - LIC UM Digos College - LIC 11/07/2016   UT 0674 F66 2016 UT0674 03/07/2017 03/07/2017 Undergraduate Thesis